| 000 | 00432nam a2200181Ia 4500 | ||
|---|---|---|---|
| 003 | 0100 | ||
| 008 | 130303s9999 xx 000 0 und d | ||
| 040 | _cARRUPELIB | ||
| 050 | _aJC101.U41961 | ||
| 100 | _aUllmann, Walter | ||
| 245 | _aPrinciples of Government and politics in the middle ages | ||
| 260 | _aLondon | ||
| 260 | _bMethuen Co LTD | ||
| 260 | _C1961 | ||
| 300 | _a320p | ||
| 650 | _bUtilitarianism | ||
| 942 | 0 | 0 | _01 |
| 999 |
_c45860 _d45860 |
||